000 00834nam a2200229 a 4500
001 74135
003 BD-RjUL
005 20211209082511.0
008 180306s2012 bg ||||| |||| 00| 1 ben d
020 _a9789849019244
_cTk. 260.00
035 _a(BD-RjUL)74353
040 _aBD-RjUL
_beng
_cBD-RjUL
041 _aben
082 _223
_a891.443
_bAHB 2013
100 1 _aআহমেদ, হূমায়ন
_9220404
245 1 0 _aবসন্ত বিলাপ : রচনা গল্প ও সাক্ষাৎকার /
_cহূমায়ন আহমেদ,
260 _aঢাকা :
_bপ্রথমা প্রকাশণ ,
_c২০১২
300 _a১৫৯ পৃ. ;
_c২২ সেমি.
650 _aবাংলা উপন্যাস
_9220405
650 _aBengali Fiction
_9220406
942 _2ddc
_cBK
999 _c74135
_d74135